| 000 | 00592nam a2200193 a 4500 | ||
|---|---|---|---|
| 001 | 5991 | ||
| 003 | CDMR | ||
| 005 | 20130416193002.0 | ||
| 008 | 130220s2006||||||||||||||||||||||||||||d | ||
| 020 | _a8497343212 | ||
| 040 |
_aCDMR _bcat _cCDMR |
||
| 100 | 1 |
_aMunsó Cabús, Joan _968 |
|
| 245 | 1 | 0 |
_aTemps de ràdio (1978 - 1990) _b: memòries de Cadena Catalana _cJoan Munsó Cabús ; [pròleg per Jordi Pujol] |
| 260 |
_aBarcelona _bL'Esfera dels Llibres _c2006 |
||
| 300 |
_a348 p ; _c20 cm |
||
| 650 | 0 | 4 |
_93105 _aRadiodifusió _zCatalunya |
| 650 | 0 | 4 |
_92387 _aRàdio _xHistòria |
| 942 |
_cMON _2udc |
||
| 999 |
_c5991 _d5991 |
||